书目信息 |
| 题名: |
食用菌制种技术
|
|
| 作者: | 汪昭月 编著 | |
| 分册: | ||
| 出版信息: | 北京 金盾出版社 1996 |
|
| 页数: | 149页 | |
| 开本: | 19cm | |
| 丛书名: | ||
| 单 册: | ||
| 中图分类: | S646.035.1 | |
| 科图分类: | ||
| 主题词: | 食用菌--制种 | |
| 电子资源: | ||
| ISBN: | 7-5082-0133-7 | |
| 000 | 00658nam0 2200229 450 | |
| 001 | 0100539366 | |
| 005 | 20101116154938.0 | |
| 010 | @a7-5082-0133-7@dCNY6.00 | |
| 011 | @a7-5082-0133-7 | |
| 100 | @a20021005d1996 em y0chiy0110 ea | |
| 101 | 0 | @achi |
| 102 | @aCN@b110000 | |
| 105 | @af z 000yy | |
| 106 | @ar | |
| 200 | 1 | @a食用菌制种技术@9Shi;Si Yong Jun Zhi Zhong;Chong Ji Shu;Zhu @f汪昭月编著@b专著 |
| 210 | @a北京@c金盾出版社@d1996 | |
| 215 | @a149页@c彩照@d19cm | |
| 606 | 0 | @a食用菌@x制种 |
| 690 | @aS646.035.1@v3 | |
| 701 | 0 | @a汪昭月@9wang zhao yue@4编著 |
| 801 | 0 | @aCN@bAiZhiMarc@c19960725 |
| 905 | @aBZT@dS646.035.1@e1@f19@sS646.035.1/1 | |
| 食用菌制种技术/汪昭月编著.-北京:金盾出版社,1996 |
| 149页:彩照;19cm |
| ISBN 7-5082-0133-7:CNY6.00 |
| ● |
| 相关链接 |
|
|
|
正题名:食用菌制种技术
索取号:S646.035.1/1
 
预约/预借
| 序号 | 登录号 | 条形码 | 馆藏地/架位号 | 状态 | 备注 |
| 1 | 2000104146 | 2000104146 | 旧书回溯/ [索取号:S646.035.1/1] | 在馆 | |
| 2 | 2000104147 | 2000104147 | 旧书回溯/ [索取号:S646.035.1/1] | 在馆 | |
| 3 | 2000104148 | 2000104148 | 旧书回溯/ [索取号:S646.035.1/1] | 在馆 | |
| 4 | 2000104149 | 2000104149 | 旧书回溯/ [索取号:S646.035.1/1] | 在馆 | |
| 5 | 2000104150 | 2000104150 | 旧书回溯/ [索取号:S646.035.1/1] | 在馆 | |
| 6 | 2000104151 | 2000104151 | 旧书回溯/ [索取号:S646.035.1/1] | 在馆 | |
| 7 | 2000104152 | 2000104152 | 旧书回溯/ [索取号:S646.035.1/1] | 在馆 | |
| 8 | 2000104153 | 2000104153 | 旧书回溯/ [索取号:S646.035.1/1] | 在馆 | |
| 9 | 2000104154 | 2000104154 | 旧书回溯/ [索取号:S646.035.1/1] | 在馆 | |
| 10 | 2000104155 | 2000104155 | 旧书回溯/ [索取号:S646.035.1/1] | 在馆 | |
| 11 | 2000104156 | 2000104156 | 旧书回溯/ [索取号:S646.035.1/1] | 在馆 | |
| 12 | 2000104157 | 2000104157 | 旧书回溯/ [索取号:S646.035.1/1] | 在馆 | |
| 13 | 2000104158 | 2000104158 | 旧书回溯/ [索取号:S646.035.1/1] | 在馆 | |
| 14 | 2000104159 | 2000104159 | 旧书回溯/ [索取号:S646.035.1/1] | 在馆 | |
| 15 | 2000104160 | 2000104160 | 旧书回溯/ [索取号:S646.035.1/1] | 在馆 | |
| 16 | 2000104161 | 2000104161 | 旧书回溯/ [索取号:S646.035.1/1] | 在馆 | |
| 17 | 2000104162 | 2000104162 | 旧书回溯/ [索取号:S646.035.1/1] | 在馆 | |
| 18 | 2000104163 | 2000104163 | 旧书回溯/ [索取号:S646.035.1/1] | 在馆 | |
| 19 | 2000104164 | 2000104164 | 旧书回溯/ [索取号:S646.035.1/1] | 在馆 |